LEADER 01083nam a2200253 4500 001 000000348891 003 CaOOAMICUS 005 20220126095814.0 008 211213s2011 it 000 u ita r 020 $a978-88-7665-600-2 040 $aSeMil$bita 100 1 $aTomasi, Margherita.$0(OLS)http://semarc/name/115203 245 10$aManuale di tecnica vocale per il coro liturgico e amatoriale /$cMargherita Tomasi. 264 1$aMilano :$bRugginenti,$c2011. 300 $aX, 78 p. ;$c24 cm 650 4$aMusica sacra - Liturgia.$0(OLS)http://semarc/subject/15970 650 4$aMusica - Manuali.$0(OLS)http://semarc/subject/16405 850 $aSeMil 852 $aSeMil$W1$xVenegono$y1$m3Q IV 46$j231744$B239986$CSeMilBibl$Z2$F239986 $81 961 $aPontiggia don Virginio - Omaggio 996 $6020$a978-88-7665-600-2$9(OLS)http://semarc/number/294876 996 $6245$aManuale di tecnica vocale per il coro liturgico e amatoriale$9(OLS)http://semarc/title/438385 996 $6264$aMilano :$bRugginenti$9(OLS)http://semarc/publisher/44690 LEADER 01333nam a2200265 i 4500 001 000000107109 003 CaOOAMICUS 005 20250710095502.0 008 030304n it u000 u ita u 040 $aSeMil$bita 110 0 $aItalia : Ministero dell'Istruzione, dell'Università e della Ricerca.$0(OLS)http://semarc/name/417 245 10$aLegature rinascimentali e barocche dal 16. al 17. secolo /$c[Ministero dell'Università e della ricerca scientifica e tecnologica]. 264 1$a[S.l. :$bs.n.]$e(Pavia :$fTipografia Commerciale Pavese,$gstampa 1999) 300 $aLIII :$briccamente ill. ;$c30 cm. 500 $aSulla coperta : Collegio Borromeo, Galleria Gemma Biroli, 16-24 aprile 1999. 650 4$aLibro antico - Cataloghi.$0(OLS)http://semarc/subject/57093 650 4$aLegature - Sec. 15.-17. - Cataloghi.$0(OLS)http://semarc/subject/18683 711 0 $aSettimana della Cultura Scientifica <9. ; 1999>.$0(OLS)http://semarc/name/45047 850 $aSeMil 852 $aSeMil$W1$xVenegono$y1$m3Y V 45$j259481$B63205$CSeMilBibl$Z2$F88687 $81 941 1 $a4 961 $aOmaggio: Martini Card. Carlo Maria 996 $6245$aLegature rinascimentali e barocche dal 16. al 17. secolo$9(OLS)http://semarc/title/155325 996 $6264$a[S.l. :$bs.n.]$9(OLS)http://semarc/publisher/29751